Statistics for MINECRAFT All Ores!

Click here to take the quiz!

General Stats

  • This quiz has been taken 113 times
  • The average score is 6 of 6

Answer Stats

HintAnswer% Correct
Light BlueDiamond
100%
GreenEmerald
98%
YellowGold
98%
SilverIron
98%
BlueLapis
94%
------Red Stone
71%

Score Distribution

Percentile by Number Answered

Percent of People with Each Score

Your Score History

You have not taken this quiz